| 000 | 00473nam a22001457a 4500 | ||
|---|---|---|---|
| 003 | MACL | ||
| 005 | 20190531151732.0 | ||
| 008 | 190531b xxu||||| |||| 00| 0 eng d | ||
| 040 | _cMACL | ||
| 100 |
_aबिड़ला लक्ष्मी निवास _975103 |
||
| 245 | _aपद्यिनीका शाप | ||
| 260 |
_aदिल्ली _bसस्तासाहित्य _c1972 |
||
| 650 |
_aउपन्यास _975104 |
||
| 942 |
_2ddc _cHIN |
||
| 999 |
_c59953 _d59953 |
||